000 00660nam a2200217 a 4500
005 20220622063519.0
008 031007s1994 mx r 000 0 spa d
020 _a9681644956
035 _aUPN01000129648
049 _aI
050 4 _aPZ76.3
_bS7.3
100 1 _aStoll Walsh, Ellen
245 1 0 _aGansa tonta /
_cEllen Stoll Walsh ; tr. Ernestina Loyo.
260 _aMéxico :
_bFCE,
_c1994,
300 _a[29] p.
_bprincipalmente il. col.
440 4 _aLos especiales de a la orilla del viento
534 _pTraducción de:
_tYou silly goose
650 0 _aAnimales
_vCuentos y leyendas
_9234
650 4 _aCuentos infantiles
_96744
905 _aInfantil
999 _c101816
_d101816